100 Busiest Airports in the Americas - Statistics

General Stats
  • This quiz has been taken 165 times
  • The average score is 75 of 100
Answer Stats
# # of Passengers Country/Territory City % Correct
6 55,175,249 United States New York-JFK
98%
24 29,040,963 United States New York-LaGuardia
97%
1 93,699,630 United States Atlanta
96%
2 73,362,946 United States Dallas-Fort Worth
96%
43 15,685,850 United States Dallas-Love Field
96%
11 46,258,521 Mexico Mexico City
96%
8 50,684,396 United States Miami
96%
5 65,924,298 United States Los Angeles
95%
17 36,090,176 United States Boston
94%
4 68,340,619 United States Chicago-O'Hare
94%
3 69,286,461 United States Denver
94%
16 40,977,839 United States Houston
94%
49 13,113,866 United States Houston-Hobby
94%
32 21,376,896 United States Washington-Dulles
94%
28 23,961,442 United States Washington-Reagan
94%
35 19,916,643 United States Chicago-Midway
93%
13 44,397,854 United States Phoenix
93%
12 45,964,321 United States Seattle
92%
18 35,600,000 Canada Toronto
92%
20 34,317,789 Colombia Bogotá
91%
25 28,160,572 United States Detroit
91%
41 15,973,242 Canada Montreal
91%
7 52,667,741 United States Las Vegas
90%
27 25,242,133 United States Philadelphia
90%
87 5,895,257 Brazil Rio de Janeiro-Galeão
90%
63 10,178,502 Brazil Rio de Janeiro-Santos Dumont
90%
30 22,009,921 United States San Diego
90%
15 42,281,641 United States San Francisco
90%
9 50,178,499 United States Orlando
89%
37 19,013,416 Canada Vancouver
89%
10 47,758,605 United States Charlotte
88%
40 18,075,764 Brazil São Paulo-Congonhas
88%
19 34,480,706 Brazil São Paulo-Guarulhos
88%
50 12,833,000 Argentina Buenos Aires-Aeroparque
87%
80 6,619,000 Argentina Buenos Aires-Ezeiza
87%
22 31,241,822 United States Minneapolis
87%
38 18,519,667 Chile Santiago
86%
31 21,527,863 United States Tampa
86%
33 21,089,289 United States Austin
85%
65 9,649,624 Cuba Havana
85%
70 8,693,018 United States Indianapolis
85%
36 19,579,837 Peru Lima
85%
45 14,818,654 United States Portland
85%
48 13,471,797 Brazil Brasília
84%
34 20,045,685 United States Nashville
84%
54 11,895,985 United States New Orleans
84%
82 6,574,902 United States Jacksonville
83%
44 15,606,600 Mexico Guadalajara
82%
23 30,342,961 Mexico Cancún
81%
75 7,573,416 United States Cincinnati
81%
95 5,158,103 Ecuador Quito
81%
58 11,333,723 United States San Jose
81%
98 4,675,375 Dominican Republic Santo Domingo
81%
26 25,752,783 United States Salt Lake City
80%
73 8,244,064 Venezuela Caracas
79%
39 18,346,044 United States Honolulu
79%
42 15,779,103 Panama Panama City
78%
53 12,313,370 United States Sacramento
78%
67 9,462,449 United States San Antonio
78%
29 22,804,744 United States Baltimore
77%
46 14,452,059 Canada Calgary
77%
69 8,693,866 United States Cleveland
77%
76 7,452,623 United States Columbus
77%
64 9,863,533 United States Kansas City
77%
14 43,402,059 United States Newark
77%
47 13,665,517 United States Saint Louis
77%
62 10,310,990 Puerto Rico San Juan
77%
60 10,943,186 Mexico Monterrey
74%
74 8,113,835 United States Pittsburgh
74%
88 5,849,674 Canada Edmonton
73%
78 6,846,884 Colombia Cali
71%
66 9,537,289 Brazil Belo Horizonte
70%
51 12,494,191 Colombia Medellín-José María Córdova
70%
56 11,842,330 United States Raleigh
70%
94 5,267,773 United States Anchorage
69%
92 5,446,751 United States Milwaukee
69%
97 4,714,404 United States Albuquerque
66%
21 31,686,404 United States Fort Lauderdale
65%
59 11,146,229 United States Oakland
65%
52 12,324,600 Mexico Tijuana
65%
68 8,725,495 Brazil Recife
64%
84 6,550,280 Brazil Salvador
61%
83 6,571,927 Brazil Porto Alegre
58%
91 5,709,106 Brazil Fortaleza
57%
99 4,506,713 United States Omaha
54%
81 6,580,754 Colombia Cartagena
53%
72 8,366,844 Dominican Republic Punta Cana
52%
93 5,322,147 United States Charleston
50%
96 4,888,813 Brazil Curitiba
46%
100 4,496,529 United States Boise
41%
89 5,779,666 United States Hartford
41%
61 10,343,802 United States Fort Myers
35%
55 11,845,500 Brazil Campinas
33%
85 6,208,700 Mexico Puerto Vallarta
28%
57 11,360,839 United States Santa Ana
26%
79 6,630,020 United States West Palm Beach
26%
86 5,898,640 United States Burbank
24%
90 5,728,589 United States Ontario
24%
71 8,469,737 United States Kahului
18%
77 7,019,300 Mexico Los Cabos
13%
No matching quizzes found
Score Distribution
Percent of People with Each Score
Percentile by Number Answered
Your Score History
You have not taken this quiz